| 000 | 01005nam a2200277 i 4500 | ||
|---|---|---|---|
| 003 | EG-GICUC | ||
| 005 | 20260121101339.0 | ||
| 008 | 251124s1981 -usda||fr|||| 000 0 ara d | ||
| 040 |
_a EG-GICUC _bara _c EG-GICUC _d EG-GICUC _erda |
||
| 041 | 0 | _aara | |
| 082 | 0 | 4 |
_221 _a341.71 _bد ر |
| 092 | 0 | 4 | _221 |
| 099 | _aLaw1 11 341.71 د ر 1981 | ||
| 245 | 0 | 0 |
_aدراسة شاملة عن الأسلحة النووية / _cإعداد مركز الأمم المتحدة لنزع السلاح. |
| 264 | 1 |
_aنيو يورك : _bمركز الأمم المتحدة، _c1981. |
|
| 300 |
_a193 صفحة : _bجداول، رسوم بيانية ؛ _c30 سم |
||
| 336 |
_2rda content _atext |
||
| 337 |
_2rda media _aComputer |
||
| 338 |
_2rda carrier _aOnline Resource |
||
| 546 | _aالنص باللغة العربية | ||
| 650 | 1 | 4 |
_aالسياسة الدولية _2qrmak |
| 651 | 1 | _2qrmak | |
| 856 | 4 | 0 | _uhttps://fll.law.cu.edu.eg/fulltext/bks/B11-05938.pdf |
| 905 |
_a5 _eHassnaa |
||
| 942 |
_2ddc _n0 _cBK _e21 |
||
| 999 |
_c45734 _d45734 |
||